| 000 | 00845cab a2200253 4500 | ||
|---|---|---|---|
| 001 | WB3142-13 | ||
| 008 | 090401t1995 xxu||||| |||| 00| 0 eng d | ||
| 035 | _a(Sirsi) u21966 | ||
| 041 | _aeng | ||
| 245 | _aGear up for new vehicles | ||
| 260 | _c1995 | ||
| 350 | _a0 | ||
| 490 |
_aFinancial Times _v10 November 1995, 28 |
||
| 490 |
_aEstates Times _v(1302) 10 November 1995, 3(2) |
||
| 520 | _aNew vehicles are needed to rekindle institutional investors` interest in property as a financial asset. | ||
| 650 | _aINSTITUTIONAL INVESTMENT | ||
| 650 | _aABOUT RICS-RELATED ORGANISATIONS-INVESTMENT PROPERTY FORUM | ||
| 650 | _aPROPERTY COMPANIES | ||
| 650 | _aPROPERTY INVESTMENT TRUSTS | ||
| 650 | _aREITS | ||
| 690 | _aPROPERTY-COMMERCIAL PROPERTY-COMMERCIAL PROPERTY FINANCE AND INVESTMENT | ||
| 942 | _n0 | ||
| 948 | _c04/03/1997 | ||
| 999 |
_c14716 _d14716 |
||